000 00815nam a22003017a 4500
001 BR6000716
003 BR-BrBNA
005 20230928083039.0
007 ta
008 230509b bl.||||| |||| 00| 0 por d
040 _aBR-BrBNA
_bpor
_cBiblioteca Nacional de Agricultura
041 _a(Por)
072 _aF00; E15
_b/G514
090 _ F00 BR6000716
110 1 _aDepartamento Estadual de Estatistica, Teresina, PI (Brasil)
_93185
245 1 _aProducao agricola 1968 [Brasil]
260 3 _aTeresina, PI (Brasil):
_c1968.
300 _a61 p.
500 _aNumerical data
650 _aCEREAL
650 _aPLANTA TEXTIL
650 _aFRUTA CITRICA
650 _aESTATISTICA DE PRODUCAO
650 _aCUSTO DE PRODUCAO
650 _aPIAUI
909 _a202309
_bLucia
_c55
_dLucia Elande
942 _cBK
999 _c11269
_d11269